Statistics for All Fire type Pokémon

Click here to take the quiz!

General Stats

  • This quiz has been taken 186 times
    (75 since last reset)
  • The average score is 73 of 88

Answer Stats

TypeGenerationPokémon% Correct
Fire-Flying1Charizard
100%
1Charmander
100%
1Charmeleon
100%
Fire-Fighting3Blaziken
98%
Fire-Flying1Moltres
98%
3Torchic
98%
1Arcanine
96%
4Chimchar
96%
2Cyndaquil
96%
1Growlithe
96%
Fire-Rock8Hisuian Arcanine
96%
Fire-Rock8Hisuian Growlithe
96%
Fire-Ghost8Hisuian Typhlosion
96%
Fire-Fighing4Infernape
96%
Fire-Fighting4Monferno
96%
1Ninetales
96%
2Typhlosion
96%
1Vulpix
96%
Fire-Ground3Camerupt
94%
Fire-Fighting3Combusken
94%
1Flareon
94%
Fire-Flying2Ho-oh
94%
7Litten
94%
1Magmar
94%
2Quilava
94%
5Tepig
94%
3Torkoal
94%
Ghost-Fire5Chandelure
92%
Fire-Fighting5Emboar
92%
Dark-Fire2Houndoom
92%
Dark-Fire2Houndour
92%
Ghost-Fire5Litwick
92%
2Magby
92%
Fire-Ground3Numel
92%
1Ponyta
92%
1Rapidash
92%
2Slugma
92%
2Entei
90%
Fire-Steel4Heatran
90%
Fire-Rock2Magcargo
90%
Fire-Fighting5Pignite
90%
Psychic-Fire5Victini
90%
Fire-Dark7Incineroar
88%
Ghost-Fire5Lampent
88%
4Magmortar
88%
Bug-Fire5Volcarona
86%
Dragon-Fire5Reshiram
84%
Electric-Fire4Rotom Heat
84%
9Fuecoco
82%
Fire-Flying6Talonflame
82%
7Torracat
82%
6Braixen
80%
8Cinderace
80%
6Fennekin
80%
Bug-Fire5Larvesta
80%
Poison-Fire7Salazzle
80%
8Scorbunny
80%
Fire-Ghost9Skeledirge
80%
Fire-Water6Volcanion
80%
Fire-Ghost7Alolan Marowak
78%
Fire-Psychic6Delphox
78%
Fire-Flying6Fletchinder
78%
5Pansear
78%
Poison-Fire7Salandit
78%
5Simisear
78%
5Heatmor
76%
Fire-Normal6Litleo
76%
Fire-Normal6Pyroar
76%
8Raboot
76%
Fire-Dragon7Turtonator
76%
Fire-Bug8Centiskorch
73%
5Darmanitan
73%
5Darumaka
73%
Fire-Bug8Sizzlipede
69%
9Crocalor
65%
Fire-Flying7Oricorio (baile-style)
65%
3Sunny Castform
63%
Fire-Ghost7Blacephalon
61%
Fire-Ghost9Ceruledge
61%
Rock-Fire8Coalossal
61%
Fire-Psychic9Armarouge
59%
Rock-Fire8Carkol
57%
Dark-Fire9Chi-Yu
57%
Fire-Poison9Iron Moth
53%
Grass-Fire9Ogerpon
53%
Fighting-Fire9Paldean Tauros
53%
Grass-Fire9Scovillain
53%
9Charcadet
51%

Score Distribution

Percentile by Number Answered

Percent of People with Each Score

Your Score History

You have not taken this quiz since the last reset